000
00317nam a2200121Ia 4500
008
220204s9999 xx 000 0 und d
082
_a
621.311:33
_b
KHA
100
_a
H
245
0
_a
Economics of reliability in electrical power systems
260
_a
London
_b
Technicopy
_c
1978
650
_a
Power systems
942
_c
BK
999
_c
31988
_d
31988